Political structural adjustment in Egypt <a> precondition for rapid economic growth?
Uložené v:
| Hlavný autor: | |
|---|---|
| Médium: | Kniha |
| Jazyk: | English |
| Vydavateľské údaje: |
San Domenico (FI)
European University Institute
1999
|
| Edícia: | EUI Working paper RSC
No. 99/9 |
| Predmet: | |
| Tagy: |
Žiadne tagy, Buďte prvý, kto otaguje tento záznam!
|
MARC
| LEADER | 00000nam a2200000 4500 | ||
|---|---|---|---|
| 001 | c132309 | ||
| 005 | 20221108123159.5 | ||
| 041 | 0 | |a eng | |
| 044 | |a IT | ||
| 245 | 1 | 0 | |a Political structural adjustment in Egypt |b <a> precondition for rapid economic growth? |c Robert Springborg |
| 264 | 1 | |a San Domenico (FI) |b European University Institute |c 1999 | |
| 300 | |a 31 s. | ||
| 490 | 1 | |a EUI Working paper RSC |v No. 99/9 | |
| 830 | 0 | |a EUI Working paper RSC |v No. 99/9 | |
| 610 | 2 | 0 | |a rast hospodársky |
| 610 | 2 | 0 | |a zmeny štruktúrne |
| 610 | 2 | 0 | |a adaptácia |
| 610 | 2 | 0 | |a politika hospodárska |
| 610 | 2 | 0 | |a Egypt |
| 100 | 1 | |a Springborg, Robert | |